000
00207nam a22000857a 4500
008
161108b xxu||||| |||| 00| 0 eng d
100
_9
1069
_a
Maheswari M. C
245
_a
Headache
260
_a
New Delhi
_b
N B T
_c
2001
999
_c
3724
_d
3724